[Event "Campeonato España Sub 18"]
[Site "Salobreña"]
[Date "2017.08.02"]
[Round "5"]
[White "Martinez Lopez, Carlos"]
[Black "Martinez Pla, Xavier"]
[Result "1/2-1/2"]
[Board "19"]
[WhiteClock "1:30"]
[WhiteElo "2034"]
[WhiteCountry "ESP"]
[WhiteFideId "32041659"]
[WhiteEloChange "4"]
[BlackClock "1:30"]
[BlackElo "2166"]
[BlackCountry "ESP"]
[BlackFideId "32074271"]
[BlackEloChange "-4"]

1. e4 {[%clk 1:30:00]} c5 {[%clk 1:30:00]} 2. Nf3 {[%clk 1:31:00]} a6 {[%clk
1:31:00]} 3. c4 {[%clk 1:31:00]} e6 {[%clk 1:30:00]} 4. Nc3 {[%clk 1:31:00]} Qc7
{[%clk 1:29:00]} 5. d4 {[%clk 1:31:00]} cxd4 {[%clk 1:29:00]} 6. Nxd4 {[%clk
1:32:00]} Nf6 {[%clk 1:30:00]} 7. Bd3 {[%clk 1:26:00]} Nc6 {[%clk 1:27:00]} 8.
Nxc6 {[%clk 1:26:00]} bxc6 {[%clk 1:27:00]} 9. Be3 {[%clk 1:25:00]} e5 {[%clk
1:27:00]} 10. O-O {[%clk 1:24:00]} d6 {[%clk 1:27:00]} 11. Be2 {[%clk 1:23:00]}
Be7 {[%clk 1:27:00]} 12. f4 {[%clk 1:23:00]} Nd7 {[%clk 1:24:00]} 13. f5 {[%clk
1:23:00]} Bb7 {[%clk 1:07:00]} 14. Rb1 {[%clk 1:19:00]} a5 {[%clk 1:03:00]} 15.
a3 {[%clk 1:09:00]} Qb8 {[%clk 0:55:00]} 16. Qc2 {[%clk 1:07:00]} O-O {[%clk
0:54:00]} 17. b4 {[%clk 1:04:00]} axb4 {[%clk 0:54:00]} 18. axb4 {[%clk 1:04:00]}
Qc7 {[%clk 0:53:00]} 19. Qb2 {[%clk 1:01:00]} Rfb8 {[%clk 0:49:00]} 20. Ra1
{[%clk 0:57:00]} Nf6 {[%clk 0:48:00]} 21. Bg5 {[%clk 0:49:00]} h6 {[%clk
0:48:00]} 22. Bxf6 {[%clk 0:49:00]} Bxf6 {[%clk 0:49:00]} 23. Kh1 {[%clk
0:48:00]} Bg5 {[%clk 0:47:00]} 24. Rxa8 {[%clk 0:44:00]} Rxa8 {[%clk 0:47:00]}
25. c5 {[%clk 0:43:00]} Be3 {[%clk 0:46:00]} 26. cxd6 {[%clk 0:42:00]} Qxd6
{[%clk 0:47:00]} 27. Rd1 {[%clk 0:42:00]} Bd4 {[%clk 0:47:00]} 28. Qb3 {[%clk
0:42:00]} Ba6 {[%clk 0:31:00]} 29. Ra1 {[%clk 0:39:00]} Kh7 {[%clk 0:27:00]} 30.
Qxf7 {[%clk 0:34:00]} Bxc3 {[%clk 0:26:00]} 31. Qg6+ {[%clk 0:34:00]} Qxg6 {[%clk
0:27:00]} 32. fxg6+ {[%clk 0:35:00]} Kxg6 {[%clk 0:27:00]} 33. Rxa6 {[%clk
0:35:00]} Rxa6 {[%clk 0:28:00]} 34. Bxa6 {[%clk 0:35:00]} Bxb4 {[%clk 0:28:00]}
35. Kg1 {[%clk 0:35:00]} Kf6 {[%clk 0:28:00]} 36. Bb7 {[%clk 0:36:00]} c5 {[%clk
0:29:00]} 37. Bd5 {[%clk 0:36:00]} Ke7 {[%clk 0:29:00]} 38. Kf2 {[%clk 0:37:00]}
Kd6 {[%clk 0:29:00]} 39. Ke3 {[%clk 0:37:00]} Ke7 {[%clk 0:28:00]} 40. Bc4 {[%clk
0:37:00]} Kf6 {[%clk 0:29:00]} 41. Be2 {[%clk 0:37:00]} Kg5 {[%clk 0:29:00]} 42.
Kf3 {[%clk 0:37:00]} Bd2 {[%clk 0:29:00]} 43. Bc4 {[%clk 0:37:00]} Bc3 {[%clk
0:29:00]} 44. Bd5 {[%clk 0:37:00]} Bd4 {[%clk 0:29:00]} 45. Bc4 {[%clk 0:37:00]}
Bg1 {[%clk 0:30:00]} 46. h3 {[%clk 0:36:00]} Bh2 {[%clk 0:30:00]} 47. Bd5 {[%clk
0:36:00]} Kh4 {[%clk 0:30:00]} 48. Be6 {[%clk 0:34:00]} Bg3 {[%clk 0:30:00]} 49.
Bc4 {[%clk 0:34:00]} Bf4 {[%clk 0:27:00]} 50. Bd5 {[%clk 0:34:00]} g5 {[%clk
0:27:00]} 51. Bc4 {[%clk 0:33:00]} Bg3 {[%clk 0:27:00]} 52. Bd5 {[%clk 0:33:00]}
h5 {[%clk 0:27:00]} 53. Be6 {[%clk 0:34:00]} Be1 {[%clk 0:28:00]} 54. g4 {[%clk
0:33:00]} hxg4+ {[%clk 0:27:00]} 55. hxg4 {[%clk 0:34:00]} Kh3 {[%clk 0:28:00]}
56. Bc4 {[%clk 0:33:00]} Kh2 {[%clk 0:28:00]} 57. Bb5 {[%clk 0:33:00]} Kg1 {[%clk
0:28:00]} 58. Bc4 {[%clk 0:33:00]} 1/2-1/2

[Event "Campeonato España Sub 18"]
[Site "Salobreña"]
[Date "2017.08.02"]
[Round "5"]
[White "Represa Perez, Mireya"]
[Black "Alfaya Marcelo, Roberto"]
[Result "0-1"]
[Board "20"]
[WhiteClock "1:30"]
[WhiteTitle "WFM"]
[WhiteElo "1974"]
[WhiteCountry "ESP"]
[WhiteFideId "32010036"]
[WhiteEloChange "-6"]
[BlackClock "1:30"]
[BlackElo "2132"]
[BlackCountry "ESP"]
[BlackFideId "32026935"]
[BlackEloChange "6"]

1. e4 {[%clk 1:30:00]} c5 {[%clk 1:30:00]} 2. Nf3 {[%clk 1:31:00]} d6 {[%clk
1:31:00]} 3. d4 {[%clk 1:31:00]} cxd4 {[%clk 1:31:00]} 4. Qxd4 {[%clk 1:32:00]}
a6 {[%clk 1:31:00]} 5. Be3 {[%clk 1:32:00]} Nd7 {[%clk 1:30:00]} 6. Nc3 {[%clk
1:28:00]} Ngf6 {[%clk 1:29:00]} 7. O-O-O {[%clk 1:25:00]} e5 {[%clk 1:27:00]} 8.
Qd2 {[%clk 1:25:00]} b5 {[%clk 1:27:00]} 9. Nh4 {[%clk 1:13:00]} Bb7 {[%clk
1:10:00]} 10. Nf5 {[%clk 1:08:00]} b4 {[%clk 1:10:00]} 11. Ne2 {[%clk 1:01:00]}
Nxe4 {[%clk 1:09:00]} 12. Qxb4 {[%clk 1:00:00]} Rb8 {[%clk 1:07:00]} 13. f3
{[%clk 0:57:00]} d5 {[%clk 1:04:00]} 14. Nxg7+ {[%clk 0:56:00]} Bxg7 {[%clk
1:05:00]} 15. fxe4 {[%clk 0:56:00]} d4 {[%clk 1:05:00]} 16. Bd2 {[%clk 0:50:00]}
Bxe4 {[%clk 1:02:00]} 17. Qa4 {[%clk 0:48:00]} O-O {[%clk 0:59:00]} 18. Ng3
{[%clk 0:43:00]} Bg6 {[%clk 0:52:00]} 19. Kb1 {[%clk 0:40:00]} Qb6 {[%clk
0:40:00]} 20. Bc1 {[%clk 0:36:00]} Rfc8 {[%clk 0:38:00]} 21. Bc4 {[%clk 0:25:00]}
Qc7 {[%clk 0:34:00]} 22. Bd3 {[%clk 0:25:00]} Nc5 {[%clk 0:34:00]} 23. Qc4 {[%clk
0:23:00]} e4 {[%clk 0:34:00]} 24. Be2 {[%clk 0:22:00]} Qe5 {[%clk 0:32:00]} 25.
Bg4 {[%clk 0:21:00]} d3 {[%clk 0:31:00]} 26. c3 {[%clk 0:17:28]} Ne6 {[%clk
0:31:00]} 27. Qa4 {[%clk 0:17:03]} Qxc3 {[%clk 0:31:00]} 28. Rd2 {[%clk 0:14:58]}
Qxd2 {[%clk 0:32:00]} 29. Bxd2 {[%clk 0:14:57]} Rxb2+ {[%clk 0:32:00]} 0-1

[Event "Campeonato España Sub 18"]
[Site "Salobreña"]
[Date "2017.08.02"]
[Round "5"]
[White "Lagos Lejarraga, Jon"]
[Black "Vidal Fernandez, Pablo"]
[Result "0-1"]
[Board "21"]
[WhiteClock "n/a"]
[WhiteElo "1987"]
[WhiteCountry "ESP"]
[WhiteFideId "32065124"]
[WhiteEloChange "-5"]
[BlackClock "n/a"]
[BlackElo "2167"]
[BlackCountry "ESP"]
[BlackFideId "32041705"]
[BlackEloChange "5"]

1. e4 {[%clk 1:30:30]} e6 {[%clk 1:30:30]} 2. d4 {[%clk 1:30:30]} d5 {[%clk
1:30:30]} 3. Nc3 {[%clk 1:30:30]} Nf6 {[%clk 1:30:30]} 4. e5 {[%clk 1:30:30]}
Nfd7 {[%clk 1:30:30]} 5. f4 {[%clk 1:30:30]} c5 {[%clk 1:30:30]} 6. Nf3 {[%clk
1:30:30]} Nc6 {[%clk 1:30:30]} 7. Be3 {[%clk 1:30:30]} Be7 {[%clk 1:30:30]} 8.
Qd2 {[%clk 1:30:30]} O-O {[%clk 1:30:30]} 9. dxc5 {[%clk 1:30:30]} Nxc5 {[%clk
1:30:30]} 10. Qf2 {[%clk 1:30:30]} b6 {[%clk 1:30:30]} 11. O-O-O {[%clk 1:30:30]}
a5 {[%clk 1:30:30]} 12. Nd4 {[%clk 1:30:30]} Bd7 {[%clk 1:30:30]} 13. Kb1 {[%clk
1:30:30]} Rc8 {[%clk 1:30:30]} 14. Qg3 {[%clk 1:30:30]} f6 {[%clk 1:30:30]} 15.
Be2 {[%clk 1:30:30]} Qc7 {[%clk 1:30:30]} 16. Ncb5 {[%clk 1:30:30]} Qb8 {[%clk
1:30:30]} 17. Nxc6 {[%clk 1:30:30]} Bxc6 {[%clk 1:30:30]} 18. Nd4 {[%clk
1:30:30]} Bd7 {[%clk 1:30:30]} 19. Rhe1 {[%clk 1:30:30]} fxe5 {[%clk 1:30:30]}
20. fxe5 {[%clk 1:30:30]} Ne4 {[%clk 1:30:30]} 21. Qh3 {[%clk 1:30:30]} Qxe5
{[%clk 1:30:30]} 22. Bg4 {[%clk 1:30:30]} Rf6 {[%clk 1:30:30]} 23. g3 {[%clk
1:30:30]} Qd6 {[%clk 1:30:30]} 24. Re2 {[%clk 1:30:30]} Qb4 {[%clk 1:30:30]} 25.
Ka1 {[%clk 1:30:30]} Nc3 {[%clk 1:30:30]} 26. bxc3 {[%clk 1:30:30]} Qxc3+ {[%clk
1:30:30]} 27. Kb1 {[%clk 1:30:30]} Ba3 {[%clk 1:30:30]} 28. Bc1 {[%clk 1:30:30]}
Bxc1 {[%clk 1:30:30]} 29. Rxc1 {[%clk 1:30:30]} Qxd4 {[%clk 1:30:30]} 30. Bxe6+
{[%clk 1:30:30]} Bxe6 {[%clk 1:30:30]} 31. Rxe6 {[%clk 1:30:30]} Qb4+ {[%clk
1:30:30]} 32. Ka1 {[%clk 1:30:30]} Qc3+ {[%clk 1:30:30]} 33. Kb1 {[%clk 1:30:30]}
Rf4 {[%clk 1:30:30]} 34. Rxb6 {[%clk 1:30:30]} Rb4+ {[%clk 1:30:30]} 35. Rxb4
{[%clk 1:30:30]} Qxb4+ {[%clk 1:30:30]} 36. Ka1 {[%clk 1:30:30]} Qc3+ {[%clk
1:30:30]} 0-1

[Event "Campeonato España Sub 18"]
[Site "Salobreña"]
[Date "2017.08.02"]
[Round "5"]
[White "Garcia Martin, Marta"]
[Black "Perez Perez , Gabriel"]
[Result "1-0"]
[Board "22"]
[WhiteClock "1:30"]
[WhiteTitle "FM"]
[WhiteElo "2435"]
[WhiteCountry "ESP"]
[WhiteFideId "32084030"]
[WhiteEloChange "1"]
[BlackClock "1:30"]
[BlackElo "2000"]
[BlackCountry "ESP"]
[BlackFideId "32089147"]
[BlackEloChange "-2"]

1. Nf3 {[%clk 1:30:00]} Nf6 {[%clk 1:30:00]} 2. c4 {[%clk 1:30:00]} g6 {[%clk
1:30:00]} 3. b4 {[%clk 1:27:00]} a5 {[%clk 1:25:00]} 4. b5 {[%clk 1:27:00]} Bg7
{[%clk 1:25:00]} 5. Bb2 {[%clk 1:27:00]} O-O {[%clk 1:25:00]} 6. e3 {[%clk
1:22:00]} d6 {[%clk 1:18:00]} 7. Be2 {[%clk 1:04:00]} e5 {[%clk 1:10:00]} 8. Nc3
{[%clk 0:53:00]} c6 {[%clk 1:04:00]} 9. d4 {[%clk 0:47:00]} e4 {[%clk 1:03:00]}
10. Nd2 {[%clk 0:47:00]} d5 {[%clk 1:04:00]} 11. Ba3 {[%clk 0:43:00]} Re8 {[%clk
1:03:00]} 12. Rc1 {[%clk 0:36:00]} cxb5 {[%clk 0:44:00]} 13. Nxb5 {[%clk
0:35:00]} Nc6 {[%clk 0:42:00]} 14. Bd6 {[%clk 0:23:00]} Be6 {[%clk 0:41:00]} 15.
c5 {[%clk 0:14:03]} Rc8 {[%clk 0:41:00]} 16. Bg3 {[%clk 0:13:19]} Re7 {[%clk
0:41:00]} 17. Nd6 {[%clk 0:12:21]} Ra8 {[%clk 0:41:00]} 18. Rb1 {[%clk 0:12:24]}
Bc8 {[%clk 0:40:00]} 19. Qa4 {[%clk 0:09:32]} Ne8 {[%clk 0:39:00]} 20. O-O {[%clk
0:07:21]} Nxd6 {[%clk 0:39:00]} 21. Bxd6 {[%clk 0:07:36]} Re8 {[%clk 0:38:00]}
22. Rb6 {[%clk 0:03:52]} Bf8 {[%clk 0:35:00]} 23. Bxf8 {[%clk 0:03:10]} Rxf8
{[%clk 0:36:00]} 24. Bb5 {[%clk 0:02:54]} Ne7 {[%clk 0:35:00]} 25. Rd6 {[%clk
0:02:50]} Qc7 {[%clk 0:35:00]} 26. Nb1 {[%clk 0:00:59]} Rd8 {[%clk 0:29:00]} 27.
Rxd8+ {[%clk 0:01:15]} Qxd8 {[%clk 0:30:00]} 28. Nc3 {[%clk 0:01:34]} Be6 {[%clk
0:27:00]} 29. Rb1 {[%clk 0:01:42]} h5 {[%clk 0:22:00]} 30. Bf1 {[%clk 0:01:14]}
Bd7 {[%clk 0:23:00]} 31. Qb3 {[%clk 0:00:52]} Bc6 {[%clk 0:23:00]} 32. Bb5 {[%clk
0:01:08]} Ra7 {[%clk 0:18:27]} 33. a4 {[%clk 0:00:49]} Qd7 {[%clk 0:17:25]} 34.
Be2 {[%clk 0:00:58]} Nc8 {[%clk 0:17:30]} 35. Qa2 {[%clk 0:01:16]} Kg7 {[%clk
0:17:22]} 36. Bd1 {[%clk 0:01:19]} Ra6 {[%clk 0:14:19]} 37. Rb2 {[%clk 0:00:40]}
Kh6 {[%clk 0:09:20]} 38. Qb1 {[%clk 0:00:45]} f6 {[%clk 0:08:58]} 39. Be2 {[%clk
0:00:37]} Ra8 {[%clk 0:09:22]} 40. Bb5 {[%clk 0:01:06]} Ra7 {[%clk 0:09:32]} 41.
Qd1 {[%clk 0:00:46]} Qg4 {[%clk 0:08:27]} 42. Be2 {[%clk 0:00:42]} Qd7 {[%clk
0:08:30]} 43. Qc2 {[%clk 0:00:33]} Qe7 {[%clk 0:08:10]} 44. Rb1 {[%clk 0:00:39]}
Ra8 {[%clk 0:08:32]} 45. Rf1 {[%clk 0:00:55]} Na7 {[%clk 0:07:39]} 46. Nb5 {[%clk
0:00:51]} Qd7 {[%clk 0:07:29]} 47. Qb1 {[%clk 0:00:40]} Nc8 {[%clk 0:07:01]} 48.
Qe1 {[%clk 0:00:35]} Ne7 {[%clk 0:06:26]} 49. f3 {[%clk 0:00:46]} Kg7 {[%clk
0:04:12]} 50. Qf2 {[%clk 0:00:38]} Rf8 {[%clk 0:03:04]} 51. h3 {[%clk 0:00:54]}
Qe6 {[%clk 0:02:04]} 52. f4 {[%clk 0:00:55]} f5 {[%clk 0:01:46]} 53. Qe1 {[%clk
0:00:50]} Bxb5 {[%clk 0:02:04]} 54. axb5 {[%clk 0:00:40]} b6 {[%clk 0:02:05]} 55.
Qc3 {[%clk 0:00:47]} Rc8 {[%clk 0:02:12]} 56. Qa3 {[%clk 0:00:42]} Kf7 {[%clk
0:02:23]} 57. Ra1 {[%clk 0:00:53]} Ra8 {[%clk 0:02:39]} 58. cxb6 {[%clk 0:00:43]}
Qxb6 {[%clk 0:02:56]} 59. Qc5 {[%clk 0:01:07]} Qb7 {[%clk 0:02:27]} 60. Kf2
{[%clk 0:00:53]} h4 {[%clk 0:02:10]} 61. Qa3 {[%clk 0:00:43]} Qb6 {[%clk
0:02:09]} 62. Rc1 {[%clk 0:00:58]} Ra7 {[%clk 0:01:17]} 63. Qc5 {[%clk 0:00:48]}
Rb7 {[%clk 0:00:39]} 64. Qa3 {[%clk 0:00:49]} Ra7 {[%clk 0:00:43]} 65. Rc5 {[%clk
0:01:14]} a4 {[%clk 0:00:47]} 66. Rc2 {[%clk 0:00:41]} Ra8 {[%clk 0:00:40]} 67.
Ra2 {[%clk 0:00:37]} Qa5 {[%clk 0:00:36]} 68. Rc2 {[%clk 0:00:38]} Qb6 {[%clk
0:00:39]} 69. Qc5 {[%clk 0:00:42]} Qe6 {[%clk 0:00:32]} 70. Rb2 {[%clk 0:00:45]}
Rc8 {[%clk 0:00:40]} 71. Qa7 {[%clk 0:00:40]} Qd6 {[%clk 0:00:33]} 72. b6 {[%clk
0:00:34]} a3 {[%clk 0:00:44]} 73. Rb3 {[%clk 0:00:36]} Rb8 {[%clk 0:00:49]} 74.
b7 {[%clk 0:00:41]} Qc7 {[%clk 0:01:04]} 75. Qa6 {[%clk 0:00:34]} a2 {[%clk
0:01:09]} 76. Qxa2 {[%clk 0:00:40]} Rxb7 {[%clk 0:01:38]} 77. Ra3 {[%clk
0:00:34]} Qc1 {[%clk 0:01:42]} 78. Ra7 {[%clk 0:00:35]} Rxa7 {[%clk 0:01:57]} 79.
Qxa7 {[%clk 0:01:01]} Qc6 {[%clk 0:02:18]} 80. Qb8 {[%clk 0:01:13]} Qc8 {[%clk
0:02:29]} 81. Qe5 {[%clk 0:01:19]} Qe6 {[%clk 0:02:52]} 82. Qh8 {[%clk 0:01:39]}
Qf6 {[%clk 0:03:07]} 83. Qh7+ {[%clk 0:02:05]} Kf8 {[%clk 0:03:31]} 84. Bb5
{[%clk 0:01:01]} Nc8 {[%clk 0:01:40]} 85. Qc7 {[%clk 0:00:36]} Ne7 {[%clk
0:01:52]} 86. Qd8+ {[%clk 0:00:37]} Kg7 {[%clk 0:02:19]} 87. Ba4 {[%clk 0:00:34]}
Qf8 {[%clk 0:02:28]} 88. Qd7 {[%clk 0:00:38]} Qf6 {[%clk 0:02:25]} 89. Bb3 {[%clk
0:00:44]} Qf7 {[%clk 0:02:54]} 90. Ke2 {[%clk 0:00:38]} Kf6 {[%clk 0:01:32]} 91.
Qd8 {[%clk 0:00:33]} Kg7 {[%clk 0:01:52]} 92. Kd2 {[%clk 0:00:42]} Qe6 {[%clk
0:01:09]} 93. Qc7 {[%clk 0:00:41]} Kf6 {[%clk 0:01:06]} 94. Kc3 {[%clk 0:00:40]}
Kg7 {[%clk 0:00:32]} 95. Bxd5 {[%clk 0:00:35]} Qxd5 {[%clk 0:00:31]} 96. Qxe7+
{[%clk 0:01:02]} Kg8 {[%clk 0:00:49]} 97. Qe8+ {[%clk 0:00:43]} Kh7 {[%clk
0:01:13]} 98. Qe7+ {[%clk 0:00:59]} Kg8 {[%clk 0:01:18]} 99. Qc5 {[%clk 0:01:15]}
Qa8 {[%clk 0:01:25]} 100. d5 {[%clk 0:00:40]} Qa1+ {[%clk 0:01:42]} 101. Kc4
{[%clk 0:00:41]} Qa6+ {[%clk 0:00:36]} 102. Qb5 {[%clk 0:00:35]} Qa2+ {[%clk
0:00:31]} 103. Kc5 {[%clk 0:00:37]} Qa3+ {[%clk 0:00:40]} 104. Kc6 {[%clk
0:00:40]} Qa8+ {[%clk 0:00:51]} 105. Kb6 {[%clk 0:00:34]} Qd8+ {[%clk 0:00:51]}
106. Kc5 {[%clk 0:00:35]} Qc7+ {[%clk 0:01:03]} 107. Kd4 {[%clk 0:00:34]} Qa7+
{[%clk 0:01:07]} 108. Qc5 {[%clk 0:00:36]} Qa1+ {[%clk 0:01:26]} 109. Qc3 {[%clk
0:00:34]} Qa7+ {[%clk 0:01:38]} 110. Kc4 {[%clk 0:00:46]} Qc7+ {[%clk 0:01:51]}
111. Kd4 {[%clk 0:00:32]} Qg7+ {[%clk 0:02:19]} 112. Kc4 {[%clk 0:00:57]} Qc7+
{[%clk 0:02:48]} 113. Kb4 {[%clk 0:00:35]} Qb7+ {[%clk 0:03:02]} 114. Kc4 {[%clk
0:00:33]} Qc7+ {[%clk 0:03:31]} 115. Kb3 {[%clk 0:00:38]} Qb7+ {[%clk 0:03:49]}
116. Qb4 {[%clk 0:01:04]} Qxb4+ {[%clk 0:03:09]} 117. Kxb4 {[%clk 0:01:04]} 1-0

[Event "Campeonato España Sub 18"]
[Site "Salobreña"]
[Date "2017.08.02"]
[Round "5"]
[White "Domingo Nunez, Ruben"]
[Black "Ereza Vizcarra, Fernando"]
[Result "1-0"]
[Board "23"]
[WhiteClock "1:29"]
[WhiteTitle "FM"]
[WhiteElo "2283"]
[WhiteCountry "ESP"]
[WhiteFideId "22245570"]
[WhiteEloChange "3"]
[BlackClock "1:30"]
[BlackElo "1987"]
[BlackCountry "ESP"]
[BlackFideId "22268987"]
[BlackEloChange "-3"]

1. e4 {[%clk 1:30:00]} e6 {[%clk 1:29:00]} 2. Qe2 {[%clk 1:26:00]} c5 {[%clk
1:19:00]} 3. g3 {[%clk 1:24:00]} Ne7 {[%clk 1:17:00]} 4. Bg2 {[%clk 1:24:00]}
Nbc6 {[%clk 1:18:00]} 5. Nf3 {[%clk 1:23:00]} d5 {[%clk 1:17:00]} 6. d3 {[%clk
1:23:00]} Bd7 {[%clk 1:14:00]} 7. O-O {[%clk 1:22:00]} g6 {[%clk 1:10:00]} 8. Nc3
{[%clk 1:12:00]} Nd4 {[%clk 1:07:00]} 9. Qd1 {[%clk 1:08:00]} Bc6 {[%clk
1:03:00]} 10. Ne5 {[%clk 1:03:00]} Bg7 {[%clk 1:00:00]} 11. Nxc6 {[%clk 1:01:00]}
Ndxc6 {[%clk 0:53:00]} 12. Bg5 {[%clk 0:46:00]} d4 {[%clk 0:47:00]} 13. Nb1
{[%clk 0:46:00]} h6 {[%clk 0:46:00]} 14. Bd2 {[%clk 0:47:00]} O-O {[%clk
0:46:00]} 15. a4 {[%clk 0:47:00]} b6 {[%clk 0:43:00]} 16. Na3 {[%clk 0:46:00]} a6
{[%clk 0:41:00]} 17. f4 {[%clk 0:45:00]} Qc7 {[%clk 0:37:00]} 18. h4 {[%clk
0:46:00]} Rab8 {[%clk 0:32:00]} 19. h5 {[%clk 0:44:00]} f5 {[%clk 0:23:00]} 20.
hxg6 {[%clk 0:37:00]} Nxg6 {[%clk 0:22:00]} 21. Qh5 {[%clk 0:37:00]} Nce7 {[%clk
0:21:00]} 22. exf5 {[%clk 0:33:00]} exf5 {[%clk 0:21:00]} 23. Rae1 {[%clk
0:32:00]} Rf6 {[%clk 0:18:19]} 24. Re2 {[%clk 0:25:00]} Rbf8 {[%clk 0:14:43]} 25.
Rfe1 {[%clk 0:26:00]} Kh8 {[%clk 0:14:55]} 26. Re6 {[%clk 0:21:00]} Qd7 {[%clk
0:14:01]} 27. Qe2 {[%clk 0:21:00]} Rxe6 {[%clk 0:11:11]} 28. Qxe6 {[%clk
0:21:00]} Qxe6 {[%clk 0:11:32]} 29. Rxe6 {[%clk 0:22:00]} Rb8 {[%clk 0:12:24]}
30. a5 {[%clk 0:22:00]} bxa5 {[%clk 0:11:50]} 31. Nc4 {[%clk 0:22:00]} Kg8 {[%clk
0:11:20]} 32. Rxa6 {[%clk 0:22:00]} Nf8 {[%clk 0:10:20]} 33. Bxa5 {[%clk
0:22:00]} Kf7 {[%clk 0:09:37]} 34. Bc7 {[%clk 0:22:00]} 1-0

[Event "Campeonato España Sub 18"]
[Site "Salobreña"]
[Date "2017.08.02"]
[Round "5"]
[White "Aliane Diez, Aaron"]
[Black "Nieves Cabanes, Jose Manuel"]
[Result "0-1"]
[Board "24"]
[WhiteClock "1:30"]
[WhiteElo "2024"]
[WhiteCountry "ESP"]
[WhiteFideId "22253807"]
[WhiteEloChange "-4"]
[BlackClock "1:30"]
[BlackTitle "FM"]
[BlackElo "2277"]
[BlackCountry "ESP"]
[BlackFideId "22245715"]
[BlackEloChange "4"]

1. c4 {[%clk 1:30:00]} b6 {[%clk 1:26:00]} 2. Nc3 {[%clk 1:29:00]} Bb7 {[%clk
1:25:00]} 3. e4 {[%clk 1:29:00]} c5 {[%clk 1:21:00]} 4. Nf3 {[%clk 1:21:00]} e6
{[%clk 1:20:00]} 5. d4 {[%clk 1:18:00]} cxd4 {[%clk 1:20:00]} 6. Nxd4 {[%clk
1:18:00]} d6 {[%clk 1:19:00]} 7. Be3 {[%clk 1:11:00]} Nf6 {[%clk 1:18:00]} 8. f3
{[%clk 1:07:00]} Nbd7 {[%clk 1:18:00]} 9. Be2 {[%clk 1:05:00]} Be7 {[%clk
1:16:00]} 10. O-O {[%clk 1:04:00]} a6 {[%clk 1:16:00]} 11. a4 {[%clk 0:56:00]}
O-O {[%clk 1:12:00]} 12. a5 {[%clk 0:52:00]} Qc7 {[%clk 1:04:00]} 13. Nb3 {[%clk
0:46:00]} Rac8 {[%clk 0:58:00]} 14. Qd2 {[%clk 0:35:00]} Rfe8 {[%clk 0:55:00]}
15. Rfd1 {[%clk 0:33:00]} d5 {[%clk 0:40:00]} 16. cxd5 {[%clk 0:26:00]} exd5
{[%clk 0:40:00]} 17. Bf4 {[%clk 0:16:27]} Bd6 {[%clk 0:39:00]} 18. Bxd6 {[%clk
0:16:41]} Qxd6 {[%clk 0:39:00]} 19. axb6 {[%clk 0:12:31]} Qxb6+ {[%clk 0:38:00]}
20. Nd4 {[%clk 0:12:29]} dxe4 {[%clk 0:37:00]} 21. fxe4 {[%clk 0:12:37]} Nc5
{[%clk 0:36:00]} 22. Na4 {[%clk 0:09:28]} Nxa4 {[%clk 0:35:00]} 23. Rxa4 {[%clk
0:09:56]} Nxe4 {[%clk 0:34:00]} 24. Qb4 {[%clk 0:08:02]} Qa7 {[%clk 0:30:00]} 25.
Bf3 {[%clk 0:07:07]} Bd5 {[%clk 0:27:00]} 26. Bxe4 {[%clk 0:06:03]} Bxe4 {[%clk
0:25:00]} 27. Kh1 {[%clk 0:06:03]} Qa8 {[%clk 0:21:00]} 28. Qd2 {[%clk 0:06:02]}
Red8 {[%clk 0:19:03]} 29. Qe2 {[%clk 0:02:28]} Rd6 {[%clk 0:17:22]} 30. Re1
{[%clk 0:02:12]} Rg6 {[%clk 0:15:21]} 31. Nf3 {[%clk 0:01:15]} f5 {[%clk
0:15:13]} 32. Rc4 {[%clk 0:00:45]} Rb8 {[%clk 0:12:26]} 33. Rc3 {[%clk 0:00:36]}
h6 {[%clk 0:11:53]} 34. Nh4 {[%clk 0:00:33]} Rg4 {[%clk 0:11:16]} 35. Nf3 {[%clk
0:00:33]} Qb7 {[%clk 0:10:10]} 36. h3 {[%clk 0:00:41]} Rg6 {[%clk 0:09:51]} 37.
b3 {[%clk 0:00:40]} Kh7 {[%clk 0:09:56]} 38. Nh4 {[%clk 0:00:33]} Rb6 {[%clk
0:09:31]} 39. Rf1 {[%clk 0:00:32]} Qd5 {[%clk 0:09:31]} 0-1

[Event "Campeonato España Sub 18"]
[Site "Salobreña"]
[Date "2017.08.02"]
[Round "5"]
[White "Galiana Fernandez, Adrian"]
[Black "Tevar Becerra, Alvaro"]
[Result "1-0"]
[Board "25"]
[WhiteClock "1:30"]
[WhiteElo "2274"]
[WhiteCountry "ESP"]
[WhiteFideId "32010150"]
[WhiteEloChange "3"]
[BlackClock "1:30"]
[BlackElo "1953"]
[BlackCountry "ESP"]
[BlackFideId "22241825"]
[BlackEloChange "-3"]

1. e4 {[%clk 1:30:00]} e5 {[%clk 1:30:00]} 2. Nf3 {[%clk 1:31:00]} Nc6 {[%clk
1:30:00]} 3. Bb5 {[%clk 1:31:00]} a6 {[%clk 1:29:00]} 4. Ba4 {[%clk 1:32:00]} Nf6
{[%clk 1:29:00]} 5. O-O {[%clk 1:32:00]} b5 {[%clk 1:30:00]} 6. Bb3 {[%clk
1:32:00]} Bb7 {[%clk 1:30:00]} 7. d3 {[%clk 1:28:00]} Bc5 {[%clk 1:27:00]} 8. Nc3
{[%clk 1:27:00]} d6 {[%clk 1:26:00]} 9. a4 {[%clk 1:25:00]} b4 {[%clk 1:25:00]}
10. Nd5 {[%clk 1:25:00]} Na5 {[%clk 1:22:00]} 11. Bg5 {[%clk 1:16:00]} Nxb3
{[%clk 1:22:00]} 12. Bxf6 {[%clk 1:16:00]} gxf6 {[%clk 1:22:00]} 13. cxb3 {[%clk
1:16:00]} O-O {[%clk 1:13:00]} 14. d4 {[%clk 1:08:00]} Ba7 {[%clk 1:12:00]} 15.
Qd2 {[%clk 1:01:00]} c6 {[%clk 1:09:00]} 16. Ne3 {[%clk 0:57:00]} a5 {[%clk
1:00:00]} 17. Rfd1 {[%clk 0:53:00]} Kh8 {[%clk 0:48:00]} 18. Nf5 {[%clk 0:47:00]}
Bc8 {[%clk 0:37:00]} 19. dxe5 {[%clk 0:39:00]} Bxf5 {[%clk 0:37:00]} 20. exf5
{[%clk 0:39:00]} dxe5 {[%clk 0:37:00]} 21. Qh6 {[%clk 0:39:00]} Qb6 {[%clk
0:32:00]} 22. Qxf6+ {[%clk 0:35:00]} Kg8 {[%clk 0:32:00]} 23. Qh4 {[%clk
0:35:00]} 1-0